Statistics for Marcus Aurelius Quiz

Click here to take the quiz!

General Stats

  • This quiz has been taken 26 times
  • The average score is 5 of 10

Answer Stats

HintAnswer% Correct
SuccessorCommodus
71%
Year of death180
67%
Year of birth121
62%
Begin of his Reign161
62%
PredecessorAntonius Pius
57%
Science he was interested inPhilosophy
57%
This River flooded during his reignTiber
43%
Epidemic during his reignAntonine Plague
19%
A Statue showing him on his horse can be found in this museumMusei Capitolini
19%
In the Middle Ages it was believed that this statue showed...Constantine
14%

Score Distribution

Percentile by Number Answered

Percent of People with Each Score

Your Score History

You have not taken this quiz